Catálogo
Digital

Catálogo
Digital

El Número Cero (Record no. 14425)

MARC details
000 -CABECERA
campo de control de longitud fija 01371nam a2200325 4500
003 - IDENTIFICADOR DEL NÚMERO DE CONTROL
campo de control EC-UNACH
005 - FECHA Y HORA DE LA ÚLTIMA TRANSACCIÓN
campo de control 20260317102926.0
006 - CÓDIGOS DE INFORMACIÓN DE LONGITUD FIJA--CARACTERÍSTICAS DEL MATERIAL ADICIONAL
campo de control de longitud fija s||||gr|||| 00| 00
008 - DATOS DE LONGITUD FIJA--INFORMACIÓN GENERAL
campo de control de longitud fija 150116t9999 mx r gr 000 0 spa d
020 ## - NÚMERO INTERNACIONAL ESTÁNDAR DEL LIBRO
Número Internacional Estándar del Libro 978-958-20-1065-2
040 ## - FUENTE DE LA CATALOGACIÓN
Centro catalogador/agencia de origen EC-UNACH
Centro/agencia transcriptor EC-UNACH
041 ## - CÓDIGO DE LENGUA
Código de lengua del texto/banda sonora o título independiente Español
082 04 - NÚMERO DE LA CLASIFICACIÓN DECIMAL DEWEY
Número de edición 23
Número de clasificación 512.7
Número de documento/Ítem L018583
100 ## - ENTRADA PRINCIPAL--NOMBRE DE PERSONA
Nombre de persona D´Amore Bruno
245 ## - MENCIÓN DE TÍTULO
Título El Número Cero
Resto del título Aspectos históricos, epistemológicos, filosóficos, conceptuales y didácticos del número más misterioso
250 ## - MENCIÓN DE EDICIÓN
Mención de edición Primera Edición
264 ## - Producción, publicación, distribución, fabricación y copyright
Lugar de producción, publicación, distribución, fabricación Bogotá, D.C., - Colombia
Nombre del de productor, editor, distribuidor, fabricante Editorial Magisterio
Fecha de de producción, publicación, distribución, fabricación o copyright 2012
300 ## - DESCRIPCIÓN FÍSICA
Extensión 143 páginas
Otras características físicas Tablas, figuras, imágenes
Dimensiones 24 x 16 centímetros
501 ## - NOTA DE "CON"
Nota de “Con” Incluye Tabla de Contenido, Introducción, Bibliografía
505 ## - NOTA DE CONTENIDO CON FORMATO
Nota de contenido con formato Capítulo 1. Cero en la matemática -- Capítulo 2. Cero en la historia -- Capítulo 3. Cero en la didáctica -- Capítulo 4. Uso espontáneo del cero en niños entre 3 y 6 años -- Capítulo 5. Dificultad de aprendizaje del cero y didáctica de la matemática
650 ## - PUNTO DE ACCESO ADICIONAL DE MATERIA--TÉRMINO DE MATERIA
Término de materia o nombre geográfico como elemento inicial REPRESENTACIONES SEMIÓTICAS
650 ## - PUNTO DE ACCESO ADICIONAL DE MATERIA--TÉRMINO DE MATERIA
Término de materia o nombre geográfico como elemento inicial OBSTÁCULOS ONTOGENÉTICOS
650 ## - PUNTO DE ACCESO ADICIONAL DE MATERIA--TÉRMINO DE MATERIA
Término de materia o nombre geográfico como elemento inicial CERO CIFRA
650 ## - PUNTO DE ACCESO ADICIONAL DE MATERIA--TÉRMINO DE MATERIA
Término de materia o nombre geográfico como elemento inicial NÚMEROS IMAGINARIOS
700 ## - PUNTO DE ACCESO ADICIONAL--NOMBRE DE PERSONA
Nombre de persona Fandiño P., Martha I.
Término indicativo de función/relación Autor
942 ## - ELEMENTOS DE PUNTO DE ACCESO ADICIONAL (KOHA)
Fuente del sistema de clasificación o colocación Clasificación Decimal Dewey
Tipo de ítem Koha Libros
999 ## - NÚMEROS DE CONTROL DE SISTEMA (KOHA)
Koha biblionumber 14425
Holdings
Estado de pérdida Fuente del sistema de clasificación o colocación Estado dañado No para préstamo Localización permanente Ubicación/localización actual Ubicación en estantería Fecha de adquisición Fuente de adquisición Número de inventario Total de préstamos Signatura topográfica completa Código de barras Fecha visto por última vez Número de copia Precio válido a partir de Tipo de ítem Koha Centro de costos
  Clasificación Decimal Dewey     Biblioteca Campus Sur Biblioteca Campus Sur Fac. Cs Educación - Ciencias 17/03/2026 Donación ITB-0012-2025 40955931   512.7 DAM L018583 L018583 17/03/2026 01 17/03/2026 Libros  

Powered by Koha